Luto /
Gorde:
| Egile nagusia: | |
|---|---|
| Formatua: | Ezezaguna |
| Hizkuntza: | Spanish |
| Argitaratua: |
Guatemala :
San Antonio,
1963.
|
| Gaiak: | |
| Etiketak: |
Etiketa erantsi
Etiketarik gabe, Izan zaitez lehena erregistro honi etiketa jartzen!
|
MARC
| LEADER | 000000000a22000000004500 | ||
|---|---|---|---|
| 001 | 002754 | ||
| 041 | 0 | |a spa | |
| 082 | 0 | 4 | |a G863.4 |b Z41L |
| 100 | 1 | |a Zea Ruano, Rafael | |
| 245 | 1 | 0 | |a Luto / |c Rafael Zea Ruano. |
| 260 | 1 | |a Guatemala : |b San Antonio, |c 1963. | |
| 300 | |a 122 páginas | ||
| 650 | 4 | |a LITERATURA GUATEMALTECA | |
| 650 | 4 | |a NOVELA | |
| 999 | |c 9112 |d 9112 | ||
| 942 | |c BK |h G863.4 Z41L |2 z | ||
